[Alcune osservazioni geologique sul Carso di Trieste e sulla valle del fiume Recca, stabilite in occasione di un progretto di derivazione di questo fiume in città, mediante una galleria di 14 chilometri / (Record no. 166037)
[ view plain ]
| 000 -LEADER | |
|---|---|
| campo de control de longitud fija | 00920nam a22001935i 4500 |
| 001 - NÚMERO DE CONTROL | |
| campo de control | 166037 |
| 003 - IDENTIFICADOR DE NÚMERO DE CONTROL | |
| campo de control | ES-MaACL |
| 005 - FECHA Y HORA DE LA ÚLTIMA TRANSACCIÓN | |
| campo de control | 20250726063044.0 |
| 008 - DATOS DE LONGITUD FIJA--INFORMACIÓN GENERAL | |
| campo de control de longitud fija | 050919s1878 sp | |||||||| ||ita d |
| 040 ## - FUENTE DE CATALOGACIÓN | |
| Centro catalogador/agencia de origen | CAM |
| Lengua de catalogación | spa |
| Centro/agencia transcriptor | CAM |
| 100 1# - ENTRADA PRINCIPAL--NOMBRE DE PERSONA | |
| Nombre de persona | Taramelli, Torquato, |
| Fechas asociadas al nombre | 1845-1922 |
| 9 (RLIN) | 224308 |
| 245 10 - MENCIÓN DEL TÍTULO | |
| Título | [Alcune osservazioni geologique sul Carso di Trieste e sulla valle del fiume Recca, stabilite in occasione di un progretto di derivazione di questo fiume in città, mediante una galleria di 14 chilometri / |
| Mención de responsabilidad, etc. | Torquato Taramelli]. |
| 260 ## - PUBLICACIÓN, DISTRIBUCIÓN, ETC. | |
| Lugar de publicación, distribución, etc. | Milano : |
| Nombre del editor, distribuidor, etc. | [ s.n.], |
| Fecha de publicación, distribución, etc. | 1878 ( |
| Fabricante | Tip. Bernardoni) |
| 300 ## - DESCRIPCIÓN FÍSICA | |
| Extensión | 16 p. ; |
| Dimensiones | 25 cm. |
| 500 ## - NOTA GENERAL | |
| Nota general | Datos tomados de la primera pag. |
| 596 ## - NOTA AL PIE DE IMPRENTA | |
| NOTA AL PIE DE IMPRENTA | Estratto dai Rendiconti del R. Istituto Lombardo , Serie II, vol. XI, fasc. VI. |
| 852 ## - LOCALIZACIÓN | |
| Ubicación | ES-MaACL |
| Número de control de estantería | T-899-F-10 |
| Nota libre | -- Enc. hol., falto de la enc. original |
| -- | -- Legado de Federico de Botella y de Hornos |
| Estatus retirado | Estado de pérdida | Estado de daño | No para préstamo | Colección | Biblioteca de origen | Biblioteca actual | Ubicación en estantería | Fecha de adquisición | Total de préstamos | Signatura topográfica completa | Código de barras | Visto por última vez | Precio de reemplazo | Tipo de ítem Koha |
|---|---|---|---|---|---|---|---|---|---|---|---|---|---|---|
| Colección de folletos | Biblioteca del Ateneo de Madrid | Biblioteca del Ateneo de Madrid | Depósito folletos | 17/01/2008 | T-899-F-10 | 1174129 | 23/02/2023 | 23/02/2023 | Folleto |
